voc 8 espagnol - Statistiques

Statistiques générales
  • Ce quiz a été pris 27 fois
  • Le résultat moyen est 19 sur 35
Statistiques - réponses
Hint Réponse % Correct
la mère la madre
95%
le frère el hermano
89%
le père el padre
89%
la soeur la hermana
89%
les frères et soeurs los hermanos
89%
le fils el hijo
84%
la fille la hija
84%
grand mère abuela
79%
les parents los padres
79%
grand père abuelo
74%
l'oncle el tío
74%
les grands parents los abuelos
74%
vieux viejo
68%
long largo
63%
la tante la tia
63%
les jeunes los jóvenes
63%
cousine prima
63%
cousin primo
63%
le mari el marido
58%
l'épouse la esposa
58%
comment est elle ? cómo es ?
53%
être marié estar casado
53%
elle a les cheveux longs tiene el pelo largo
47%
moi je connais yo conozco
47%
bavarder charlar
42%
être divorcé estar divorciado
42%
au minimum como mínimo
32%
avec tous les gens con toda la gente
32%
large ancho
21%
super fenomenal
21%
un mètre soixante maximum un metro sesenta como máximo
21%
il est toujours à la fête está todavia en la fiesta
16%
mesurer medir
11%
je m'entends bien me llevo bien
5%
comment ça va ton stage ? qué tal tus práticas ?
5%
Aucun quiz correspondant
Distribution des résultats
% des personnes avec chaque résultat
Percentile par nombre de réponses
Votre historique - résultats
Vous n’avez pas pris ce quiz